| 000 | 01775cam a2200493 a 4500 | ||
|---|---|---|---|
| 001 | 20715 | ||
| 003 | VRT | ||
| 005 | 20260130140039.0 | ||
| 008 | 240314s1981 xo g 0000f slo | ||
| 015 | _aSNBA1983/01 | ||
| 020 | _q(viaz.) | ||
| 035 | _aSNK000033044 | ||
| 039 | 9 |
_a202512141718 _bAUTHORITY _c202409231554 _dcsnk01 _c202409231549 _dcsnk01 _c202403140959 _dVLOAD |
|
| 040 |
_aSNK _bslo _cSNK _eAACR2 |
||
| 041 | 1 |
_aslo _heng |
|
| 044 |
_axo _cSK |
||
| 080 |
_a820-3 _21981 |
||
| 100 | 1 |
_aMcClure, James, _d1939-2006 _4aut |
|
| 245 | 1 | 0 |
_aParné prasa ; Všetečník ; Kat _cJames Mac Clure ; preložil Karol Dlouhý |
| 250 | _a1. vyd. | ||
| 260 |
_aBratislava _bSlovenský spisovateľ _c1981 _eNitra _fNitrianske tlačiarne |
||
| 300 |
_a605 s. _c21 cm |
||
| 490 | 1 | _aZelená knižnica | |
| 500 | _aPreložené z angličtiny | ||
| 655 | 7 |
_aanglické romány _2SNKPH |
|
| 655 | 7 |
_adetektívne romány _2SNKPH |
|
| 700 | 1 |
_aDlouhý, Karol, _d1922-1987 _4trl |
|
| 700 | 1 |
_aLongauer, Ľubomír, _d1948-2025 _4gup |
|
| 700 | 1 | 2 |
_aMcClure, James, _d1939-2006 _tThe Steam Pig _lSlovensky |
| 700 | 1 | 2 |
_aMcClure, James, _d1939-2006 _tThe Sunday Hangman _lSlovensky |
| 700 | 1 | 2 |
_aMcClure, James, _d1939-2006 _tThe Goosberry Fool _lSlovensky |
| 740 | 0 | 2 | _aVšetečník |
| 740 | 0 | 2 | _aKat |
| 830 | 0 | _aZelená knižnica | |
| 942 |
_2ddc _cKLDO _n0 |
||
| 949 |
_6273K0132638 _asvkpoA 121962 _bsvkpo285215 |
||
| 949 |
_63869A00688 _abpksh820-31 _bbpksh42718 |
||
| 949 |
_617A0175136 _9P60, <05>, [BOOK], {605} _asnkSC 56651 D1 |
||
| 949 |
_6270001000537724 _asvkbbA 29647 _bsvkbbm 399238 |
||
| 949 |
_6270001000537727 _asvkbbA 29647 _bsvkbbm 401463 |
||
| 949 |
_617A0884201 _asnkSC 56651 |
||
| 999 |
_c20715 _d20715 |
||